000 00375nam a2200157Ia 4500
003 OSt
005 20240113161529.0
008 170523s9999 xx 000 0 und d
020 _a8120400127
040 _ciimt university meerut
100 _aPAREEK- UDAI
245 0 _aDESIGNING AND MANAGING H R SYSTEM
260 _bOXFORD PUBLICATION
260 _c1992
942 _2ddc
_c02
999 _c908
_d908